Handbook of financial risk management (Record no. 38813)
[ view plain ]
| 000 -LEADER | |
|---|---|
| fixed length control field | 01780nam a2200349 a 4500 |
| 082 04 - DEWEY DECIMAL CLASSIFICATION NUMBER | |
| Classification number | 332.64/50113 |
| 100 1# - MAIN ENTRY--AUTHOR NAME | |
| Personal name | Chan, Ngai Hang. |
| 245 10 - TITLE STATEMENT | |
| Title | Handbook of financial risk management |
| 260 ## - PUBLICATION, DISTRIBUTION, ETC. (IMPRINT) | |
| Place of publication | Hoboken : |
| Name of publisher | Wiley, |
| Year of publication | 2013. |
| 300 ## - PHYSICAL DESCRIPTION | |
| Number of Pages | xv, 412 p. : |
| Other physical details | ill. (some col.). |
| 505 0# - FORMATTED CONTENTS NOTE | |
| Formatted contents note | List of figures -- List of tables -- Preface -- An introduction to excel vba -- Background -- Structured products -- Volatility modeling -- Fixed-income derivatives I : short-rate models -- Fixed-income derivatives II : libor market models -- Credit derivatives and counterparty credit risk -- Value-at-risk and related risk measures -- The Greeks -- Appendix -- References -- Subject index -- Author index. |
| 650 #0 - SUBJECT ADDED ENTRY--TOPICAL TERM | |
| Topical Term | Finance |
| Topical Term | Risk management |
| 700 1# - ADDED ENTRY--PERSONAL NAME | |
| Personal name | Wong, Hoi Ying, |
| 856 40 - ELECTRONIC LOCATION AND ACCESS | |
| Uniform Resource Identifier | http://site.ebrary.com/lib/rucke/Doc?id=10720715 |
No items available.
